000 00840nam a2200253Ia 4500
003 OSt
005 20220923220649.0
006 a|||||r|||| 00| 0
007 ta
008 220922b |||||||| |||| 00| 0 hin d
024 _a188,812
037 _cTextual
040 _aARTS
_cARTS
_bhin
041 _2hin
_ahin
082 _aO152,2M88,AR, J4
100 _aशर्मा, गोकुलचन्द्र
245 0 _aअभिनय रामायण
246 _aAbhinaya rāmāyaṇa
260 _aचंदौसी
_b जी0 आर0 भार्गव एण्ड संस
_c1954
300 _a359 पृ.
_ccm.
650 _aहिन्दी साहित्य
_9156264
942 _hO152,2M88,AR, J4
_cTEXL
_2CC
999 _c341704
_d341704